000 01541nam1a2200325 i 4500
001 RU\NLR\bibl\428233
005 20260405061959.0
010 _a5-02-006449-1
035 _a(NLR Aleph) 000422107
090 _a701516
_c701516
100 _a20030813g20039999k y0rusy50 ca
101 0 _arus
_deng
102 _aRU
105 _a||||z |||||
200 1 _aИстория отечественного почвоведения
_eРазвитие идей, дифференциация, институциализация
_eВ 2 кн.
_fИ.В. Иванов
_gРос. акад. наук, Ин-т физико-хим. и биол. проблем почвоведения, Докучаевское о-во почвоведов
210 _aМ.
_cНаука
_d2003
215 _d22
300 _aРез. на англ. яз.
463 0 _1001421186
606 0 _aПочвоведение
_xИстория
_yРоссийская Федерация
_92233666
_3RU\NLR\auth\661340603
606 0 _aПочвоведение
_xИстория
_yСССР
_9938931
_3RU\NLR\auth\6628381
606 0 _aПочвоведение
_xИстория
_yРоссия
_92211563
_3RU\NLR\auth\661328504
686 _aП03г(2)
700 1 _4070
_8rus
_7ca
_aИванов
_bИ.В.
_cпочвовед
_f1937-2021
_gИгорь Васильевич
_3RU\NLR\AUTH\7720851
_93917
801 0 _aRU
_bNLR
_c20030813
_gPSBO
801 1 _aRU
_bNLR
_c20030813
852 _aNLR
_j2003-5/4680
942 _cBOOK